000 00629pam a2200205 a 4500
001 1653980
005 20250129183856.0
008 970716s1998 ctua b 001 0 eng
020 _a0300068484 (cloth : alk. paper)
020 _a9780300074017
050 0 0 _aRB150.F37
_bN39 1998
082 0 0 _a616/.0478
_221
100 1 _aNatelson, Benjamin H.
245 1 0 _aFacing and fighting fatigue :
_ba practical approach /
_cBenjamin H. Natelson.
260 _aNew Haven :
_bYale University Press,
_cc1998.
300 _axi, 211 p. :
_bill. ;
_c22 cm.
650 0 _aFatigue.
650 0 _aChronic fatigue syndrome.
942 _2lcc
_cBK
_n0
999 _c3229
_d3229